000 00565nam a2200229Ia 4500
003 OSt
005 20220918201342.0
006 a|||||r|||| 00| 0
007 ta
008 220917b |||||||| |||| 00| 0 eng d
024 _a93,287
037 _cTextual
040 _aARTS
_cARTS
_beng
041 _2eng
_aeng
082 _aV1-3, J9
100 _aStrachey John
_998277
245 0 _aEnd of Empire
260 _aLondon
_bVictor Gollancz
_c1959
650 _aHISTORY
942 _hV1-3, J9
_cTEXL
_2CC
999 _c216934
_d216934